Rainbow Magic Fairies Based on Real People - Statistics

General Stats
  • This quiz has been taken 3 times
  • The average score is 9 of 13
Answer Stats
Hint Explanation Answer % Correct
_________ the Fashion Princess Fairy (2015) Catherine the Fashion Princess Fairy Catherine, Duchess of Cambridge
100%
_____ the Earth Fairy (2020) Greta the Earth Fairy Greta Thunberg
100%
_______ the Peace Fairy (2020) Jacinda the Peace Fairy Jacinda Ardern
100%
_____ the Surfing Fairy (2021) Layne the Surfing Fairy Layne Beachley
100%
_________ the Baby Princess Fairy (2015) Charlotte the Baby Princess Fairy Princess Charlotte of Cambridge
100%
_____ the Toy Fairy (2016) Tiana the Toy Fairy Tiana (Youtube Star of ToysAndMe)
100%
___ the Jungle Fairy (2022) Kat the Jungle Fairy Katy Perry
67%
_______ the Coronation Fairy (2023) Charles the Coronation Fairy King Charles III
67%
______ the Wedding Sparkle Fairy (2018) Meghan the Wedding Sparkle Fairy Meghan Markle
67%
_____ the Singing Coach Fairy (2012) Adele the Singing Coach Fairy Adele
33%
______ the Lyrics Fairy (2012) Jessie the Lyrics Fairy Jessie J
33%
_____ the Stylist Fairy (2012) Miley the Stylist Fairy Miley Cyrus
33%
______ the Pop Star Wedding Fairy (2026) Taylor the Pop Star Wedding Fairy Taylor Swift
33%
No matching quizzes found
Score Distribution
Percent of People with Each Score
Percentile by Number Answered
Your Score History
You have not taken this quiz